| 000 | 00545nam a2200229Ia 4500 | ||
|---|---|---|---|
| 008 | 210210b1965 xxu||||| |||| 00| 0 eng d | ||
| 041 | _aeng | ||
| 082 | _a822/1352 | ||
| 100 | _aKIRK (G S) | ||
| 245 |
_aHomerand the epic _bShortened version of the songs of Homer |
||
| 260 |
_aCambridge _bAt the University Press _c1965 |
||
| 650 | _aversion | ||
| 650 | _athe | ||
| 650 | _asongs | ||
| 650 | _aShortened | ||
| 650 | _aof | ||
| 650 | _aHomerand | ||
| 650 | _aHomer | ||
| 650 | _aepic | ||
| 690 | _aEnglish Prose | ||
| 906 | _a013533 | ||
| 999 |
_c132414 _d132414 |
||